| 000 | 00443nam a2200181Ia 4500 | ||
|---|---|---|---|
| 003 | GCL | ||
| 008 | 140319s9999 xx 000 0 eng d | ||
| 040 |
_aGCL / _cGCL |
||
| 082 | 0 | 4 |
_a005.3 _bJ M |
| 100 | 1 | _aJONES, ALLAN | |
| 245 | 1 | 0 |
_a30 MODNESS / _cJONES, ALLAN |
| 700 | 1 | _aJONES, MICHAEL | |
| 260 |
_a[S.N] : _bSAMS PUBLISHING ، _c1994 |
||
| 300 | _a622 P | ||
| 650 | 0 | 4 | _aPROGRAMMING |
| 650 | 0 | 4 | _aCOMPUTER GRAPHICS |
| 942 |
_2ddc _cBK |
||
| 999 |
_c12245 _d12245 |
||